Responses for show #17 - Tuesday, October 2, 1984

Elise Beraru game 2.

Contestants

[<< previous game]

Mark Day, a games and recreation manager from Long Beach, California

Bill Collins, a probation counselor originally from Brooklyn, New York

Elise Beraru, an insurance underwriter from Los Angeles, California (whose 1-day cash winnings total $6,750)

[next game >>]

Jeopardy! Round responses

BRIDGES
SINGERS & DANCERS
"FRIDAYS"
1959
HOLIDAYS
CARTOONS
    $100 22
London Bridge

Elise
    $100 1
Fred Astaire

Elise
    $100 11
Robinson Crusoe & Friday

Elise
    $100 6
The Sound of Music

Elise
    $100 17
St. Patrick's Day

Bill
    $100 15
Boris Badenov

Elise
    $200 23
Golden Gate Bridge

Elise
    $200 2
Elvis Presley

Elise
    $200 12
Good Friday

Bill
    $200 7
Debbie Reynolds

Elise
    $200 18
Thanksgiving Day

Elise
    $200 25
the Smurfs

Elise
    $300 24
(Alex: We have less than a minute to go in the round.)

59th Street Bridge

Bill
    $300 3
(Bill: Who is The... Who?)

The Jacksons

BillMark
    $300 13
Sgt. Joe Friday

Elise
    $300 8
(Nikita) Khrushchev

Elise
    $300 19
St. Valentine's Day

Elise
    $2,000 26
[end-of-round signal sounds]

Woody Woodpecker

Elise
    $400 4
Barbra Streisand

Elise
    $400 14
(Elise: What is "Black Friday"?)

Friday the 13th

EliseMark
    $400 9
Exodus

Elise
    $400 20
(Elise: What is Boxing Day?)
(Bill: What is Beggar's Day?)

Guy Fawkes Day

EliseBillMark
    $500 5
Ray Bolger

Elise
    $500 16
Thank God It's Friday

Elise
    $500 10
(Elise: What is Atlanta?)
(Bill: What is Gary, Indiana?)
(Mark: What is New York City?)

Washington, DC

EliseBillMark
Triple Stumper
    $500 21
Hanukkah

Elise

Scores at the first commercial break (after clue 10):

Elise Bill Mark
$1,700 -$800 -$200

Scores at the end of the Jeopardy! Round:

Elise Bill Mark
$5,400 -$600 $600

Double Jeopardy! Round responses

VICE-PRESIDENTS
ASTROLOGY
CONQUERORS
MOVIE TALK
AFRICA
PALINDROMES
    $200 20
Geraldine Ferraro

Elise
    $200 16
Attila

Elise
    $200 19
(Alex: Less than a minute to go in the round.)

extra

Bill
    $200 2
noon

Mark
    $400 13
Gerald Ford

Mark
    $400 15
the Vikings

Bill
    $400 18
"Action!"

Bill
    $400 7
Radar

Mark
    $600 12
John Adams

Elise
    $600 14
Alexander the Great

Elise
    $600 17
Cannes

Elise
    $600 5
deed

Mark
    $3,500 11
Richard Nixon

Elise
    $800 22
[The end-of-round signal sounds.]

Capricorn

Elise
    $800 9
El Cid (Rodrigo Diaz)

Mark
    $800 6
PG-13

Elise
    $800 4
mom and pop/dad

Elise
    $1000 10
George Bush

Elise
    $1000 21
Sydney Omarr

Triple Stumper
    $1000 8
(Mark: Who was Caesar?)

Charlemagne (Charles the Great)

BillMark
    $1000 1
trailers

Elise
    $1,000 3
(Mark: I have no idea!)

"Madam, I'm Adam"

Mark

Scores at the end of the Double Jeopardy! Round:

Elise Bill Mark
$15,500 $1,400 $1,000
(lock game)

[wagering suggestions for these scores]

Final Jeopardy! Round responses

TRAVEL & TOURISM
(Alex: How quickly we forget; my homeland; thanks a lot, players!)
MarkWhat is Mexico
$999
BillWhat is Mexico?
$1,400
EliseWhat is Mexico?
$10,000
Canada

Final scores:

Elise Bill Mark
$5,500 $0 $1
2-day champion: $12,250 3rd place: Helix portable stereo component system 2nd place: Lane Action recliner & Anova telephone center

Game dynamics:

Coryat scores:

Elise Bill Mark
$11,100 $1,400 $2,000
30 R
(including 2 DDs),
3 W
7 R,
3 W
8 R,
3 W
(including 1 DD)

Combined Coryat: $14,500

The J! Archive is created by fans, for fans. The Jeopardy! game show and all elements thereof, including but not limited to copyright and trademark thereto, are the property of Jeopardy Productions, Inc. and are protected under law. This website is not affiliated with, sponsored by, or operated by Jeopardy Productions, Inc. Join the discussion at JBoard.tv.